Books by Synonym - Statistics

General Stats
  • This quiz has been taken 673 times
  • The average score is 7 of 15
Answer Stats
Hint Answer % Correct
Tiny Ladies Little Women
90%
The Enormous Snooze The Big Sleep
79%
The Raisins of Rage The Grapes of Wrath
76%
Everything's Pleasant That Finishes Pleasantly All's Well That Ends Well
71%
Harold Ceramicist and the Partially Sanguine Royal Harry Potter and the Half-Blood Prince
55%
Subsequently There Weren't Any And Then There Were None
52%
Ivory Tooth White Fang
48%
The Ancient Inquisitiveness Store The Old Curiosity Shop
44%
The Nobleman of the Circles The Lord of the Rings
40%
Dreary Cottage Bleak House
34%
Centrewalk Middlemarch
30%
An Education in Crimson A Study in Scarlet
29%
Narcissism Festival Vanity Fair
28%
Blokesmeadow Playground Mansfield Park
24%
Birds and Rainforests Swallows and Amazons
14%
No matching quizzes found
Score Distribution
Percent of People with Each Score
Percentile by Number Answered
Your Score History
You have not taken this quiz